LIBRARY & INFORMATION CENTRE, KCAET, TAVANUR

ONLINE PUBLIC ACCESS CATALOGUE (OPAC)

Food and beverage service: a training manual (Record no. 14781)

MARC details
000 -LEADER
fixed length control field 00344nam a22001337a 4500
020 ## - INTERNATIONAL STANDARD BOOK NUMBER
ISBN 9780070655690
082 ## - DEWEY DECIMAL CLASSIFICATION NUMBER
Classification number 663
Item number SUD/Fo
100 ## - MAIN ENTRY--AUTHOR NAME
Personal name Sudhir, Andrews
245 ## - TITLE STATEMENT
Title Food and beverage service: a training manual
250 ## - EDITION STATEMENT
Edition statement 2
260 ## - PUBLICATION, DISTRIBUTION, ETC. (IMPRINT)
Place of publication New Delhi
Name of publisher Tata McGrawhill Education private Limited
Year of publication 2009
300 ## - PHYSICAL DESCRIPTION
Number of Pages 392p
942 ## - ADDED ENTRY ELEMENTS (KOHA)
Koha item type Books
Holdings
Withdrawn status Lost status Damaged status Collection code Home library Current library Shelving location Date acquired Source of acquisition Full call number Accession Number Koha item type
        KAUAET KAUAET General Stacks 30/03/2013 Aman Book Stall, Calicut 663 SUD/Fo 24041 Books
free website counter